000 00511nam a2200205Ia 4500
003 OSt
005 20230505111003.0
008 210423s2007 xx 000 0 und d
020 _a9780198503460
040 _cAL
041 _aeng
082 _a547
_223
_bCLAJ
100 _aCLAYDEN (Jonathan);others.
_998570
245 _aOrganic chemistry.
260 _aNew Delhi
_bOxford University Press
_c2007
300 _axx,1512
_bPB
365 _b1895
_cINR
906 _achemistry ; Organic
942 _2ddc
_cBK
999 _c163653
_d163653